Hospodárenie s mazivami

Bibliographic Details
Main Author: Stopka, Jozef (Author)
Format: Article
Language:Slovak
PhysicalDescription:Tb. 2., lit. 2 zázn. v slov.
Subjects:

MARC

LEADER 00000nab a2200000 a 4500
001 vtls000415925
003 SK-MaSNL
005 20260303191803.0
008 120925c1989 xo 0 slo
015 |a SNBRA19rr/mm-uuuuu 
035 |a CL0416050 
040 |a SNKBUCL  |b slo  |c SNKBUCL  |e AACR2 
041 0 |a slo 
044 |a xo  |c SK 
080 |a 621.892:658.566  |2 1981 
080 |a 658.566  |2 1981 
100 1 |a Stopka, Jozef  |4 aut  |9 279104 
245 1 0 |a Hospodárenie s mazivami  |c Jozef Stopka 
300 |b Tb. 2., lit. 2 zázn. v slov. 
650 0 7 |a mazadlá  |2 snkbucl  |9 50967 
655 7 |a články zo zborníkov  |2 snkbucl  |9 166140 
773 0 |t Tribotechnik  |d Žilina : Dom techniky ČSVTS, 1989  |g S. 3-19 
850 |a Slovenská národná knižnica v Martine  |a MTA001 
852 |a SNK  |b KIS3GCP 
958 |a RK 
992 |a RZB 
999 |c 2142852  |d 2144782